| 000 | 01057cam a22002771i 4500 | ||
|---|---|---|---|
| 003 | SA-RiAUC | ||
| 005 | 20250924060022.0 | ||
| 008 | 250803t1998 ua g b 00010 ara c | ||
| 020 | _a9772771535 | ||
| 040 |
_aKW-KcNLK _bara _cSA-RiAUC. _erda |
||
| 082 | 0 | 4 |
_a615.53 _qSA-RiAUC |
| 090 |
_a615.53 _bا ب و ر |
||
| 100 | 1 |
_aأبو الروس، أيمن الحسيني _eمؤلف. |
|
| 245 | 1 | 2 |
_aالجنسنج العجيب ! : _bملك الأعشاب ومجدد الحيوية والشباب / _cأيمن الحسيني. |
| 264 | 1 |
_aالقاهرة : _bدار الطلائع للنشر والتوزيع والتصدير، _c[1998] |
|
| 264 | 4 | _c©1998 | |
| 300 |
_a80 صفحة ؛ _c24 سم |
||
| 336 |
_aنص _btxt _2rdacontent _3كتاب |
||
| 337 |
_aبدون وسيط _bn _2rdamedia |
||
| 338 |
_aمجلد _bnc _2rdacarrier |
||
| 500 | _aسنة الإيداع : 1998. | ||
| 504 | _aببليوجرافية : صفحة 79. | ||
| 650 | 7 |
_aالعلاج بالأعشاب _2aucsh |
|
| 942 |
_2ddc _cBOOK _n0 |
||
| 949 |
_aSA-JeALM _d250803 _umohamedma123 _n1 |
||
| 999 |
_c12074 _d12074 |
||